[Event "Stay Safe Play From Home 238"]
[Site "Emanuel Lasker Arena"]
[Date "2020.06.19"]
[Round "3"]
[White "Germanicus G"]
[Black "Greblah"]
[Result "0-1"]
[WhiteElo "1275"]
[BlackElo "1916"]
[Annotator "TA"]
[PlyCount "58"]
[EventDate "2020.06.19"]
[EventType "swiss (blitz)"]

{[%evp 9,58,15,11,-6,1,0,5,-11,18,16,21,-3,0,0,3,0,0,0,41,47,77,70,82,83,105,93,102,71,78,23,66,0,0,-22,0,4,132,135,383,185,248,248,242,248,279,305,280,267,337,352,360]} 1. Nf3 c6 2. g3 d5 3. Bg2 g6 4. e3 Bg7 5. d4 Nf6 6. c3 {A07: Réti Opening: New York and Capablanca Systems.} O-O 7. O-O Nbd7 8. Nbd2 {The position is equal.} e6 9. Re1 c5 10. e4 {[#]} cxd4 $146 ({Predecessor:} 10... Qc7 11. e5 Ne8 12. Ng5 b5 13. Bf1 Qb6 14. Ndf3 c4 15. Qc2 Nc7 16. Bf4 Bb7 17. h4 a5 {1-0 (68) Sebastian,M (1812)-Noetzel,F (1636) Berlin 2006}) 11. Nxd4 dxe4 12. Nxe4 Nxe4 13. Bxe4 Nf6 14. Bg2 Qb6 15. Qb3 Qxb3 16. axb3 Nd5 17. Nb5 a6 18. b4 Bd7 19. Nd6 ({White should play} 19. Bxd5 $16 exd5 20. Nc7) 19... Rab8 20. Bxd5 (20. Be3 $14) 20... exd5 $11 21. Bf4 Bc6 22. Re7 $36 {[%mdl 2048] Black is under pressure.} Rbd8 (22... Bf6 $11 {keeps the balance.} 23. Rxf7 d4) 23. Nxb7 $16 Bf6 $2 {[#] This costs Black the game.} (23... Rde8 $16 {is a better defense.} 24. Rxe8 Rxe8) 24. Rc7 (24. Nxd8 $142 Rxd8 25. Rc7) 24... Bxb7 (24... Rc8 $142) 25. Rxb7 $18 d4 26. Rxa6 dxc3 27. bxc3 Bxc3 28. b5 Rd1+ 29. Kg2 Rb1 {[%mdl 32768] Accuracy: White = 73%, Black = 45%. . Loss on time!?} 0-1

[Event "Stay Safe Play From Home 238"]
[Site "Emanuel Lasker Arena"]
[Date "2020.06.19"]
[Round "3"]
[White "Mandy"]
[Black "Weltszmerc"]
[Result "0-1"]
[WhiteElo "1008"]
[BlackElo "2175"]
[Annotator "TA"]
[PlyCount "36"]
[EventDate "2020.06.19"]
[EventType "swiss (blitz)"]

{[%evp 9,36,26,16,0,0,-21,-16,-27,-37,-30,-14,-87,-88,-97,-100,-297,-284,-366,-360,-365,-351,-1099,-1096,-1144,-1143,-1261,-1236,-1218,-1133]} 1. d4 Nf6 2. Bf4 b6 3. e3 Bb7 4. Nf3 d6 5. h3 Nbd7 6. Bd3 {A47: 1 d4 Nf6 2 Nf3 b6: Torre, London and Colle Systems.} g6 7. c3 Bg7 8. Qc2 {The position is equal.} O-O 9. Nbd2 Re8 10. O-O (10. e4 $11 {remains equal.}) 10... e5 $17 11. dxe5 dxe5 {[#]} 12. Bg3 $146 {[#]} (12. Bg5 $17) ({Predecessor:} 12. Bg5 Nc5 13. Bxf6 Qxf6 14. Ne4 Qe7 15. Nxc5 Qxc5 16. Be4 c6 17. Rad1 Qe7 18. Qb3 {0-1 (50) De Albuquerque,G (1595)-Salama,A (2001) Sao Paulo 2016}) 12... e4 $19 13. Bxe4 Nxe4 14. Nxe4 Bxe4 15. Qxe4 $2 (15. Qe2) 15... Rxe4 {Black is clearly winning.} 16. Rae1 Nf6 17. Ng5 Re7 18. Bf4 Ne4 {White did not feel at home in the position after the opening. Accuracy: White = 36%, Black = 100%.} 0-1

[Event "Stay Safe Play From Home 238"]
[Site "Emanuel Lasker Arena"]
[Date "2020.06.19"]
[Round "4"]
[White "Mepe_Nika"]
[Black "Tolka"]
[Result "1-0"]
[WhiteElo "2405"]
[BlackElo "2205"]
[Annotator "TA"]
[PlyCount "89"]
[EventDate "2020.06.19"]
[EventType "swiss (blitz)"]

{[%evp 13,88,0,-2,-16,-15,-13,-19,-15,-2,-27,2,-52,0,-102,-118,-148,-82,-91,-87,-71,-64,-60,-46,-75,-75,-74,-59,-60,60,-77,-29,-38,14,-47,-20,-62,26,23,545,545,1522,1522,1520,1518,1468,1462,1499,1450,1801,1623,29993,29994,29994,29995,29995,29994,29994,29990,29992,29991,29993,29992,29993,29992,29992,29993,29994,29995,29995,29996,29996,29997,29997,29998,29998,29999,29999]} 1. d4 d5 2. Bf4 Nf6 3. e3 e6 4. c4 c5 5. Nc3 Nc6 6. Nf3 cxd4 {The main line 6...cxd4 scores better than 6...a6.} 7. exd4 Bb4 8. cxd5 {B14: Caro-Kann: Panov-Botvinnik Attack with 5...e6 and 5...g6.} Nxd5 9. Bd2 O-O 10. Bd3 {[#] The position is equal.} Be7 $146 ({Predecessor:} 10... Nf6 11. a3 Ba5 12. b4 Bb6 13. Be3 Nxd4 14. Nxd4 Bxd4 15. Bxd4 Re8 16. O-O e5 17. Bxe5 {1-0 (32) Martins,C (1940)-Farias,S (1544) Manaus 2012}) 11. O-O Bf6 (11... Ndb4 $5 {[%cal Rb4d3]} 12. Be4 Nxd4 $11) 12. Ne4 (12. Nxd5 $11 exd5 13. h3) 12... Nxd4 (12... Bxd4 $15 13. Nxd4 Nxd4) 13. Nxd4 (13. Nxf6+ $11 {keeps the balance.} Qxf6 14. Ng5) 13... Bxd4 $17 14. Ng5 Nf6 ({And not} 14... Bxb2 15. Bxh7+ Kh8 16. Rb1 $16) (14... h6 $142 15. Nf3 Bxb2) 15. Qf3 {White wants to play Bb4.} h6 ({Much worse is} 15... Bxb2 $6 16. Rab1 $11) 16. Ne4 Nxe4 17. Qxe4 {[%csl Gd3][%cal Re4h7]} f5 18. Qf3 Bxb2 19. Rad1 Bf6 20. Bc4 Qe7 (20... Qc7 $15 21. Rc1 Qf7) 21. Rfe1 (21. Qxf5 $1 $14 {was forced to keep a grip.} Qf7 22. Qe4) 21... Qf7 22. Bb4 Re8 (22... Rd8 $15) 23. h3 (23. Qxf5 $1 $11 a5 24. Bd2 (24. Bxa5 $2 b5 $19)) 23... a5 24. Ba3 Rb8 ({Better is} 24... Kh7 $15) 25. Bd6 $11 Bd7 $2 {[%mdl 8192] This move loses the game for Black.} (25... b5 $11 {and Black stays safe.}) 26. Bxb8 $18 Rxb8 {[#]} 27. Rxd7 $1 {[%mdl 576] Remove Defender} Qxd7 28. Bxe6+ Qxe6 29. Rxe6 Rd8 30. Qxf5 Rd1+ 31. Kh2 {Intending Qg6! and mate.} Rd7 32. Rxf6 {White mates.} gxf6 33. Qxd7 h5 34. Qxb7 h4 {[#]} 35. Qa6 $1 f5 36. Qxa5 f4 37. f3 Kg7 38. Qb6 Kf7 39. a4 Kg7 40. a5 Kf7 41. a6 Ke7 42. a7 Kd7 43. a8=Q {[%csl Gb6][%cal Ra8d8]} Ke7 44. Qaa7+ Ke8 45. Qbb8# {Accuracy: White = 55%, Black = 24%.} 1-0

[Event "Stay Safe Play From Home 238"]
[Site "Emanuel Lasker Arena"]
[Date "2020.06.19"]
[Round "4"]
[White "Broken sword"]
[Black "Toosieslide"]
[Result "1-0"]
[WhiteElo "2356"]
[BlackElo "2235"]
[Annotator "TA"]
[PlyCount "123"]
[EventDate "2020.06.19"]
[EventType "swiss (blitz)"]

{[%evp 14,123,27,-10,74,-34,33,-65,0,-35,0,4,14,0,0,-10,-5,-5,-6,-5,-4,-13,18,22,20,25,43,39,43,45,39,39,36,8,16,0,33,34,42,16,37,0,0,0,0,7,12,7,2,2,13,7,6,0,17,0,0,0,1,0,0,-72,-60,-58,-55,-41,0,-58,-7,-146,551,-55,-34,-387,-154,-198,-44,-46,-54,-52,-7,-165,-165,-277,-276,-268,-25,-34,-34,-1839,-1577,-2391,-2589,-2132,-2073,-1970,-1844,-2029,0,0,0,0,12834,12835,29992,29993,29993,29985,29985,29986,29986,29982]} 1. e4 e5 2. Nf3 Nc6 3. Bb5 a6 4. Bxc6 dxc6 5. O-O Bd6 6. d4 exd4 7. Qxd4 f6 8. c4 {[#]} Ne7 $146 {C68: Ruy Lopez: Exchange Variation, sidelines.} (8... c5 $11 {keeps the balance.} 9. Qe3 Ne7) ({Predecessor:} 8... c5 9. Qe3 Ne7 10. Nc3 O-O 11. b3 Qe8 12. Ba3 b6 13. Rad1 Bb7 14. Rfe1 Qh5 15. Ne2 Rae8 16. Ng3 {1-0 (41) Rozentalis,E (2645)-Hebden,M (2575) Hastings 1998}) 9. b3 (9. c5 $1 $16 {[%cal Rc5d6]} Be5 10. Qxd8+ Kxd8 11. Nxe5 fxe5 12. f4) 9... Ng6 (9... c5 $15 10. Qe3 O-O) 10. Ba3 (10. c5 $1 $14 Be7 11. Qc4) 10... Bxa3 (10... Bg4 $1 $15 11. Qc3 O-O) 11. Nxa3 (11. Qxd8+ {seems wilder.} Kxd8 12. Nxa3 Nf4 13. Rfd1+ Ke7 14. Nd4) 11... Qxd4 (11... Bg4 {seems wilder.} 12. Qe3 Qd6 13. Nc2 O-O-O 14. Qa7 Bxf3 15. gxf3 Nh4) 12. Nxd4 Bd7 13. Rad1 O-O-O 14. Rfe1 Rhe8 15. f3 c5 16. Ne2 b6 17. Nb1 Bc6 18. Nbc3 Ne5 19. Nf4 Bb7 20. Kf1 c6 21. Nh5 Re7 22. Rxd8+ Kxd8 23. Rd1+ Kc7 24. Nf4 a5 25. Nd3 Ba6 26. Nxe5 Rxe5 $14 {[%mdl 4096] Endgame KRB-KRN} 27. Kf2 b5 28. cxb5 cxb5 29. Nd5+ Kc6 30. Ne3 Re7 31. Nf5 Rf7 32. Rd6+ Kb7 33. Rd8 Kc7 34. Rd5 (34. Rh8 {keeps more tension.} g6 35. Ne3 Bb7 36. g4 Kd6 37. h4) 34... Kc6 35. Rd6+ Kb7 36. Re6 {Strongly threatening Nd6+.} Rd7 37. Ke2 (37. Ke3 $11) 37... b4+ $17 38. Ke1 $1 Bd3 39. Ne3 Rc7 40. e5 (40. Kd2 $11 c4 41. Rd6) 40... fxe5 ({Black should try} 40... c4 $15) 41. Rxe5 {[#]} (41. Kd2 $1 $11 c4 42. bxc4 Bxc4 43. Nxc4 Rxc4 44. Rxe5) 41... Kb6 $2 {[%mdl 8192]} (41... Bb1 $1 $17 {[%cal Rb1a2]} 42. Nc4 a4) 42. Re6+ $2 (42. Nd5+ $18 Kc6 43. Nxc7 Kxc7 44. Rxc5+ Kb6 45. Re5) 42... Kb5 (42... Rc6 $5 {[%cal Rc6e6]} 43. Re7 c4 $11) 43. Re5 $2 {[%mdl 8192]} ({White should play} 43. Kd2 $15 Rd7 44. Kc1) 43... a4 $2 (43... Bb1 $19 {has better winning chances.} 44. Nc4 Bxa2) 44. Kd2 {[#]} Rd7 $2 (44... Bb1 $1 $19 45. Re8 Bxa2 46. Rb8+ Ka6 47. bxa4 Bb3 48. Ra8+ Kb7) 45. Kc1 axb3 46. axb3 Ra7 47. Kd2 $2 (47. Kb2 $11) 47... Bg6 $19 48. f4 (48. Nc4 $142 Ra2+ 49. Ke1) 48... Ra2+ 49. Ke1 Rb2 $2 (49... Bf7 $19 50. Re7 Bxb3 51. Rb7+ Kc6 52. Rxg7 Bc2) 50. f5 $11 Bf7 51. Nc4 $2 {[%mdl 8192]} (51. Re7 $15 Bxb3 52. Rxg7) 51... Bxc4 $19 52. bxc4+ Kxc4 {KR-KR} 53. Re4+ {[#]} Kd3 $1 54. Re7 c4 55. f6 c3 $2 (55... Rb1+ $19 56. Kf2 gxf6 57. Re3+ Kd4) 56. f7 $11 c2 $1 {[%cal Rc2c1]} 57. Rd7+ Kc3 $2 {[%mdl 8192]} (57... Ke3 $11 58. Re7+ Kd3 59. Rd7+ Ke3 60. Re7+ Kd3) 58. Rc7+ $18 Kd4 59. f8=Q {White mates.} Rb1+ 60. Kd2 c1=Q+ 61. Rxc1 Rxc1 62. Kxc1 {Accuracy: White = 47%, Black = 51%.} 1-0

[Event "Stay Safe Play From Home 238"]
[Site "Emanuel Lasker Arena"]
[Date "2020.06.19"]
[Round "4"]
[White "Lamborghini"]
[Black "SoulofWolf"]
[Result "0-1"]
[WhiteElo "2289"]
[BlackElo "2135"]
[Annotator "TA"]
[PlyCount "106"]
[EventDate "2020.06.19"]
[EventType "swiss (blitz)"]

{[%evp 9,106,83,85,81,96,36,68,45,52,35,47,47,33,38,59,58,57,19,28,0,6,-47,47,0,24,0,63,16,51,4,21,22,19,9,4,-6,79,45,77,52,65,-8,132,0,37,0,43,31,58,38,30,-206,-199,-179,0,0,0,0,0,0,0,0,25,36,35,23,269,-27,2293,-138,5393,0,1552,1495,1243,846,1407,1416,29987,29988,29988,29989,29990,29986,29991,29986,29991,29992,29996,0,29986,29987,29987,29987,29987,29988,29988,29988,29990]} 1. e4 d6 2. d4 c5 3. dxc5 Qa5+ 4. Nc3 Qxc5 5. Be3 Qc7 {[#]} 6. Nd5 $146 {A43: Schmid Benoni.} ({Predecessor:} 6. Qd2 Bd7 7. O-O-O Nf6 8. f3 Nc6 9. g4 Qa5 10. Nge2 g6 11. Nd4 Bg7 12. Nb3 Qd8 {1-0 (20) Noble,M (2482)-Knol,E (2223) ICCF email 2015}) 6... Qd8 7. Bg5 (7. Qe2 $16) 7... Bd7 8. Nf3 {White is slightly better.} Nc6 9. Bc4 h6 10. Bh4 g5 11. Bg3 Bg7 12. c3 Nf6 13. Nxf6+ Bxf6 14. h4 {Strongly threatening hxg5.} g4 15. Nd4 (15. Nd2 $11) 15... h5 ({Black should play} 15... Nxd4 $15 16. cxd4 Qb6) 16. Nf5 Bxf5 (16... Qb6 {feels hotter.} 17. Qd2 Bxf5 18. exf5 Qa5 19. Qd3 d5) 17. exf5 Qd7 (17... Qa5 $11) 18. Qc2 Ne5 19. Be2 a6 20. O-O b5 21. Rfe1 Rc8 22. a3 a5 (22... Rc5 $11 {remains equal.}) 23. Rad1 b4 24. axb4 axb4 25. c4 (25. Bxe5 $14 Bxe5 26. Ba6) 25... O-O (25... Qa7 $11) 26. Qb3 (26. Bxe5 $1 $16 Bxe5 27. Bxg4 $1 {[%mdl 512]}) 26... Qb7 27. Qe3 Kg7 28. b3 Rfd8 29. Rd5 Ra8 30. Rxe5 $2 (30. Red1 $11 Nd7 31. f3) 30... dxe5 $19 (30... Bxe5 $2 {perishes.} 31. Qg5+ Kf8 32. Bxe5 $18 (32. Qxh5 Qe4 $11)) 31. Bxe5 Qd7 $2 (31... Bxe5 $19 32. Qxe5+ f6) 32. Qg5+ $11 {[%mdl 64] Double Attack} Kf8 33. Qh6+ Kg8 34. Bxf6 exf6 35. Qxh5 Ra5 36. Qxg4+ Kf8 37. c5 Re8 $2 (37... Rxc5 $11 {and Black stays safe.} 38. Qxb4 Qxf5) 38. Qh5 $2 (38. Qxb4 $18 Ra2 39. c6+ {[%mdl 64] Discovered Attack} Qe7 40. Qxe7+ Rxe7 41. Rc1) 38... Rxc5 $2 {[%mdl 8192]} (38... Qd2 $11 39. Kf1 Rxc5) 39. Qh6+ $2 ({Only move:} 39. Qh8+ $18 Ke7 40. Bb5+ {[%mdl 64] Skewer, Discovered Attack} Re5 41. Rxe5+ fxe5 42. Qxe8+ Qxe8 {[#]} 43. f6+ $1 {[%mdl 512]} Kxf6 44. Bxe8) 39... Ke7 $2 {[%mdl 8192]} (39... Kg8 $17 40. Rd1 (40. Qxf6 Rxf5 41. Qb2 Qe7 $17) 40... Rd5 41. Rxd5 Qxd5) 40. Rd1 $2 ({White has to play} 40. Bb5+ $18 Kd8 41. Rxe8+ {[%mdl 64] Overworked Piece} Qxe8 42. Qd2+ {[%mdl 64] Double Attack} Ke7 43. Qe1+ Kf8 44. Qxe8+ Kg7 45. Bc4) 40... Kd8 $2 {[%mdl 8192]} (40... Rd5 $11 41. Rf1 Qxf5) 41. Rxd7+ $18 Kxd7 42. Qxf6 {aiming for Qd4+!} Rc1+ 43. Kh2 Rc5 44. Qd4+ {[%mdl 64] Double Attack} Kc6 45. Bf3+ Kb5 46. Qd6 Rec8 47. Qd7+ R8c6 48. Qb7+ Rb6 49. Qd7+ Rbc6 $1 50. Bxc6+ {White mates.} Rxc6 51. Qd5+ Kb6 52. Qxf7 Rc5 53. Qe6+ Kb5 {[%mdl 32768] White used his chance. Accuracy: White = 45%, Black = 38%. . Sensor Board Error (Ke4/e5)?} 0-1

[Event "Stay Safe Play From Home 238"]
[Site "Emanuel Lasker Arena"]
[Date "2020.06.19"]
[Round "4"]
[White "Little champs"]
[Black "MarkonY"]
[Result "0-1"]
[WhiteElo "2231"]
[BlackElo "2319"]
[Annotator "TA"]
[PlyCount "78"]
[EventDate "2020.06.19"]
[EventType "swiss (blitz)"]

{[%evp 13,78,0,0,-18,37,43,45,37,35,45,39,-12,60,58,67,71,69,54,71,43,40,45,122,54,53,-31,-21,-58,-52,-58,-52,-62,-58,-172,-170,-240,-254,-245,-179,-207,-203,-253,-210,-309,-305,-291,-302,-264,-231,-214,-192,-229,-219,-204,-119,-115,-46,-167,-90,-90,-91,-128,-47,-47,-47,-47,0]} 1. d3 c5 2. e4 Nc6 3. Nf3 g6 4. Be2 Bg7 5. O-O d6 6. c3 Nf6 7. Nbd2 {has lost popularity (7.h3).} O-O 8. d4 {[#] B50: Sicilian: 2...d6, Miscellaneous.} Rb8 $146 (8... cxd4 $11 9. cxd4 d5) ({Predecessor:} 8... cxd4 9. cxd4 d5 10. e5 Ne4 11. Nb3 f6 12. exf6 exf6 13. Nfd2 f5 14. Nxe4 dxe4 15. d5 Ne5 {½-½ (50) Jerez Perez,A (2408)-Farran Martos,F (2427) Vilanova i la Geltru 2017}) 9. d5 $14 Ne5 10. Nxe5 {White is slightly better.} dxe5 11. Qc2 Ne8 12. f4 (12. Rd1 $14) 12... Nd6 (12... exf4 $1 $11 13. Rxf4 Nd6) 13. fxe5 Bxe5 14. Nf3 Bg7 15. e5 Bf5 16. Bd3 Bxd3 17. Qxd3 Nf5 (17... c4 $1 $14 18. Qe2 Nc8) 18. c4 (18. g4 $16 Nh6 19. h3) 18... b5 19. cxb5 (19. b3 $1 $14) 19... Qb6 $36 {[%mdl 2048] [#] ...c4+ is the strong threat. Black fights for an advantage.} 20. Kh1 Qxb5 21. Qxb5 Rxb5 22. g4 Nd4 {Hoping for ...Nxf3.} 23. Nxd4 (23. a4 $15 Rb4 24. Bd2) 23... cxd4 $19 24. Re1 (24. d6 $142) 24... Rxd5 25. Bf4 e6 26. Rac1 d3 {Threatens to win with ...d2.} 27. Rcd1 h6 28. Kg2 (28. Re3 $142) 28... g5 29. Bg3 Rc8 30. Rd2 Kh7 31. Kf3 Rc2 32. Red1 Rxd2 33. Rxd2 {[%mdl 4096] Endgame KRB-KRB} Kg6 (33... h5 $19 34. h3 hxg4+ 35. hxg4 Rd4) 34. Ke4 $17 h5 (34... Ra5 $17 35. b3 h5) 35. h3 {[#]} ({White should try} 35. gxh5+ $15 Kxh5 36. Rxd3) 35... hxg4 (35... Rb5 $1 $19 36. gxh5+ Kxh5 37. Rxd3 g4) 36. hxg4 Rb5 37. Rxd3 Rb4+ (37... Rxb2 $17 38. Ra3 Rb4+ 39. Kf3 Rb5 40. Rxa7 Bxe5 41. Bxe5 Rxe5) 38. Rd4 $1 $15 {[%cal Rd4b4]} Rxb2 39. Ra4 a5 {[%mdl 32768] Accuracy: White = 42%, Black = 55%. . Loss on time!?} 0-1

[Event "Stay Safe Play From Home 238"]
[Site "Emanuel Lasker Arena"]
[Date "2020.06.19"]
[Round "4"]
[White "Weltszmerc"]
[Black "Greblah"]
[Result "1-0"]
[WhiteElo "2175"]
[BlackElo "1917"]
[Annotator "TA"]
[PlyCount "27"]
[EventDate "2020.06.19"]
[EventType "swiss (blitz)"]

{[%evp 13,27,8,22,-25,-22,-28,38,12,58,6,55,61,103,112,1706,1681]} 1. d4 c6 2. c4 d5 3. Nf3 Nf6 4. g3 g6 5. Bg2 Bg7 6. O-O O-O 7. Nbd2 Nbd7 {Recently 7...a5 got a lot of attention.} 8. Ne5 {D78: Fianchetto Grünfeld: 6 0-0 c6.} Nxe5 9. dxe5 {[#]} Ne8 $146 (9... Ng4 $11) ({Predecessor:} 9... Ng4 10. cxd5 cxd5 11. Nb3 e6 12. f4 Nh6 13. e4 dxe4 14. Bxe4 Nf5 15. Qf3 Rb8 16. Be3 Nxe3 17. Qxe3 b6 18. Rfd1 Qe7 19. Rd6 Bb7 20. Rad1 {½-½ (20) Holczbauer,F (1642)-Hajas,T (1885) Hungary 2012}) 10. f4 {White is slightly better.} e6 11. cxd5 (11. Qc2 $14) 11... cxd5 12. e4 dxe4 13. Nxe4 Rb8 $2 {[%mdl 8192] [#]} (13... Nc7 $16) 14. Qxd8 1-0

[Event "Stay Safe Play From Home 238"]
[Site "Emanuel Lasker Arena"]
[Date "2020.06.19"]
[Round "4"]
[White "Chase the sun"]
[Black "Klasman"]
[Result "1-0"]
[WhiteElo "1806"]
[BlackElo "1236"]
[Annotator "NA RC"]
[PlyCount "33"]
[EventDate "2020.06.19"]
[EventType "swiss (blitz)"]

1. e4 {[%emt 0:00:01]} f5 {[%emt 0:00:01]} 2. exf5 {[%emt 0:00:02]} Nf6 {[%emt 0:00:01]} 3. g4 {[%emt 0:00:03]} h6 {[%emt 0:00:02]} 4. d4 {[%emt 0:00:03]} d5 {[%emt 0:00:01]} 5. Bd3 {[%emt 0:00:01]} e6 {[%emt 0:00:02]} 6. Bf4 {[%emt 0:00:05]} exf5 {[%emt 0:00:02]} 7. Bxf5 {[%emt 0:00:00]} Bxf5 {[%emt 0:00:05]} 8. gxf5 {[%emt 0:00:00]} Bd6 {[%emt 0:00:04]} 9. Qe2+ {[%emt 0:00:01]} Kf7 {[%emt 0:00:04]} 10. Be5 {[%emt 0:00:03]} Re8 {[%emt 0:00:02]} 11. f4 {[%emt 0:00:01]} Qd7 {[%emt 0:00:03]} 12. Nf3 {[%emt 0:00:03]} Qxf5 {[%emt 0:00:01]} 13. Nc3 {[%emt 0:00:01]} Nc6 {[%emt 0:00:06]} 14. O-O-O {[%emt 0:00:02]} Ne4 {[%emt 0:00:08]} 15. Rhg1 {[%emt 0:00:04]} Bxe5 {[%emt 0:00:10]} 16. fxe5 {[%emt 0:00:03]} Nxc3 {[%emt 0:00:07]} 17. bxc3 {[%emt 0:00:00] Time (Lag: Av=0.47s, max=0.7s) '} 1-0

[Event "Stay Safe Play From Home 238"]
[Site "Emanuel Lasker Arena"]
[Date "2020.06.19"]
[Round "4"]
[White "Grazie"]
[Black "Mandy"]
[Result "1-0"]
[WhiteElo "1781"]
[BlackElo "1008"]
[Annotator "NA RC"]
[PlyCount "41"]
[EventDate "2020.06.19"]
[EventType "swiss (blitz)"]

1. d4 {[%emt 0:00:00]} d5 {[%emt 0:00:03]} 2. c3 {[%emt 0:00:00]} c6 {[%emt 0:00:01]} 3. g3 {[%emt 0:00:00]} Bf5 {[%emt 0:00:03]} 4. Bg2 {[%emt 0:00:00]} Nf6 {[%emt 0:00:02]} 5. Nf3 {[%emt 0:00:00]} Nbd7 {[%emt 0:00:01]} 6. Bg5 {[%emt 0:00:01]} g6 {[%emt 0:00:02]} 7. Bxf6 {[%emt 0:00:01]} exf6 {[%emt 0:00:02]} 8. Nbd2 {[%emt 0:00:00]} Bg7 {[%emt 0:00:02]} 9. O-O {[%emt 0:00:00]} O-O {[%emt 0:00:01]} 10. Re1 {[%emt 0:00:00]} c5 {[%emt 0:00:05]} 11. e4 {[%emt 0:00:02]} dxe4 {[%emt 0:00:05]} 12. Nxe4 {[%emt 0:00:01]} Bg4 {[%emt 0:00:15]} 13. Nxc5 {[%emt 0:00:02]} b6 {[%emt 0:00:03]} 14. Nxd7 {[%emt 0:00:01]} Qxd7 {[%emt 0:00:01]} 15. Qb3 {[%emt 0:00:01]} Rfe8 {[%emt 0:00:02]} 16. Nd2 {[%emt 0:00:02]} Rxe1+ {[%emt 0:00:04]} 17. Rxe1 {[%emt 0:00:01]} Re8 {[%emt 0:00:01]} 18. Rxe8+ {[%emt 0:00:01]} Qxe8 {[%emt 0:00:01]} 19. Nf1 {[%emt 0:00:01]} Qe7 {[%emt 0:00:02]} 20. Ne3 {[%emt 0:00:01]} Bh5 {[%emt 0:00:03]} 21. g4 {[%emt 0:00:02] Zeit} 1-0

[Event "Stay Safe Play From Home 238"]
[Site "Emanuel Lasker Arena"]
[Date "2020.06.19"]
[Round "4"]
[White "Bishop91"]
[Black "Trotsky"]
[Result "1-0"]
[WhiteElo "1633"]
[BlackElo "1517"]
[Annotator "NA RC"]
[PlyCount "45"]
[EventDate "2020.06.19"]
[EventType "swiss (blitz)"]

1. e4 {[%emt 0:00:03]} c5 {[%emt 0:00:01]} 2. Nf3 {[%emt 0:00:01]} e6 {[%emt 0:00:01]} 3. d4 {[%emt 0:00:00]} d5 {[%emt 0:00:01]} 4. dxc5 {[%emt 0:00:02]} Bxc5 {[%emt 0:00:01]} 5. exd5 {[%emt 0:00:02]} exd5 {[%emt 0:00:01]} 6. Bb5+ {[%emt 0:00:06]} Nc6 {[%emt 0:00:01]} 7. Qe2+ {[%emt 0:00:00]} Be6 {[%emt 0:00:01]} 8. O-O {[%emt 0:00:01]} Qc7 {[%emt 0:00:02]} 9. Ne5 {[%emt 0:00:06]} O-O-O {[%emt 0:00:02]} 10. Nxc6 {[%emt 0:00:02]} bxc6 {[%emt 0:00:01]} 11. Ba6+ {[%emt 0:00:01]} Kb8 {[%emt 0:00:01]} 12. b4 {[%emt 0:00:01]} Bd6 {[%emt 0:00:01]} 13. c4 {[%emt 0:00:02]} Nf6 {[%emt 0:00:01]} 14. c5 {[%emt 0:00:01]} Bxh2+ {[%emt 0:00:02]} 15. Kh1 {[%emt 0:00:01]} Ng4 {[%emt 0:00:03]} 16. g3 {[%emt 0:00:01]} h5 {[%emt 0:00:01]} 17. Bf4 {[%emt 0:00:02]} Ne5 {[%emt 0:00:05]} 18. Bxe5 {[%emt 0:00:03]} Qxe5 {[%emt 0:00:07]} 19. Qxe5+ {[%emt 0:00:00]} Ka8 {[%emt 0:00:02]} 20. Qc7 {[%emt 0:00:01]} Rd7 {[%emt 0:00:02]} 21. Qxc6+ {[%emt 0:00:01]} Kb8 {[%emt 0:00:03]} 22. b5 {[%emt 0:00:01]} Rhd8 {[%emt 0:00:03]} 23. b6 {[%emt 0:00:01] Âðåìÿ (Lag: Av=0.26s, max=0.9s)} 1-0

[Event "Stay Safe Play From Home 238"]
[Site "Emanuel Lasker Arena"]
[Date "2020.06.19"]
[Round "4"]
[White "Meini"]
[Black "Robk"]
[Result "0-1"]
[WhiteElo "1622"]
[BlackElo "1594"]
[Annotator "NA RC"]
[PlyCount "44"]
[EventDate "2020.06.19"]
[EventType "swiss (blitz)"]

1. d4 {[%emt 0:00:02]} d5 {[%emt 0:00:02]} 2. Bf4 {[%emt 0:00:01]} Bf5 {[%emt 0:00:03]} 3. e3 {[%emt 0:00:01]} e6 {[%emt 0:00:01]} 4. Bd3 {[%emt 0:00:01]} Bxd3 {[%emt 0:00:02]} 5. Qxd3 {[%emt 0:00:01]} Bd6 {[%emt 0:00:01]} 6. Bg3 {[%emt 0:00:02]} Nf6 {[%emt 0:00:02]} 7. Nf3 {[%emt 0:00:01]} Bxg3 {[%emt 0:00:02]} 8. hxg3 {[%emt 0:00:02]} Nc6 {[%emt 0:00:01]} 9. c3 {[%emt 0:00:01]} Ne4 {[%emt 0:00:02]} 10. Nbd2 {[%emt 0:00:01]} Nxd2 {[%emt 0:00:02]} 11. Nxd2 {[%emt 0:00:02]} h6 {[%emt 0:00:04]} 12. e4 {[%emt 0:00:01]} dxe4 {[%emt 0:00:02]} 13. Nxe4 {[%emt 0:00:01]} Qd5 {[%emt 0:00:02]} 14. O-O {[%emt 0:00:05]} h5 {[%emt 0:00:03]} 15. Rae1 {[%emt 0:00:04]} h4 {[%emt 0:00:02]} 16. Re3 {[%emt 0:00:04]} h3 {[%emt 0:00:03]} 17. gxh3 {[%emt 0:00:09]} Rxh3 {[%emt 0:00:03]} 18. Kg2 {[%emt 0:00:01]} Qh5 {[%emt 0:00:03]} 19. Rfe1 {[%emt 0:00:16]} Rh2+ {[%emt 0:00:01]} 20. Kf1 {[%emt 0:00:00]} Rh1+ {[%emt 0:00:01]} 21. Kg2 {[%emt 0:00:01]} Qh3+ {[%emt 0:00:01]} 22. Kf3 {[%emt 0:00:01]} Rxe1 {[%emt 0:00:06] Zeit (Lag: Av=0.34s, max=0.5s)} 0-1